MESTSKÁ KNIŽNICA GIRALTOVCE  - online katalóg 

Desaťmiliónová Kleopatra (Record no. 10510)

000 -NÁVESTIE
fixed length control field 00705nam a2200205 a 4500
008 - ÚDAJE S PEVNOU DĹŽKOU – VŠEOBECNÉ INFORMÁCIE
fixed length control field 960124s1959||||[C 0 slo c
040 ## - ZDROJ KATALOGIZÁCIE
Pôvodná katalogizujúca agentúra SNK
Jazyk katalogizácie slo
Prepisujúca agentúra SNK
Konvencie popisu AACR2
041 1# - KÓD JAZYKA
Kód jazyka textu/zvukovej stopy alebo samostatných nápisov slo
044 ## - KÓD KRAJINY VYDAVATEĽA/PRODUCENTA
Kód krajiny MARC xo
Kód krajiny ISO SK
080 ## - ČÍSLO MEDZINÁRODNÉHO DESATINNÉHO TRIEDENIA (MDT)
Číslo Medzinárodného desatinného triedenia (MDT) 894.511-32
020 ## - MEDZINÁRODNÉ ŠTANDARDNÉ ČÍSLO KNIHY (ISBN)
Údaje o dostupnosti 13
100 1# - OSOBNÉ MENÁ – VŠEOBECNÉ INFORMÁCIE
Osobné meno Ady, Endre
Dátumy súvisiace s menom 1877-1919
Kód roly aut
245 10 - NÁZOV
Názov Desaťmiliónová Kleopatra
Zvyšok názvu Z knihy "Ady Endre Osszeqyüjtött novellái, Budapest 1939
Údaj o zodpovednosti atď. Endre Ady ; Prekl. Ctibor Štítnický ; Aut. dosl. Ctibor Štítnický
260 ## - VYDAVATEĽSKÉ ÚDAJE, DISTRIBÚCIA ATĎ.
Miesto publikovania, distribúcie atď. Bratislava
Názov vydavateľa, distibútora atď. Slov. spis.
Dátum publikovania, distribúcie atď. 1959
Miesto výroby Bratislava
Výrobca Pravda
300 ## - FYZICKÝ POPIS
Rozsah 246, [5] s.
Rozmery
490 0# - EDÍCIA
Edícia Nová komorná knižnica
Zväzok/sekvenčné označenie sv. 10
700 1# - PRIDANÝ VSTUP – OSOBNÉ MENO
Osobné meno Štítnický, Ctibor
Kód roly trl
700 1# - PRIDANÝ VSTUP – OSOBNÉ MENO
Osobné meno Štítnický, Ctibor
Kód roly aui
958 ## - Formálny deskriptor
Formálny deskriptor A
Holdings
Stav stiahnutia (Blokovanie) (Withrawn status) Stav straty Stav poškodenia (Damaged status) Nie pre výpožičky (Not for loan) Spôsob nadobudnutia (Collection code) Trvalé umiestnenie Aktuálne umiestnenie Dátum nadobudnutia Náklady, bežná kúpna cena Inventárne číslo (prírastkové číslo) Full call number Dátum posledného výskytu Cena s účinnosťou od Typ jednotky Koha
        Kúpa Mestská knižnica Giraltovce Mestská knižnica Giraltovce 2019-11-29 13.00 09883 B 4062 2019-11-29 2019-11-29 Krásna literatúra pre dospelých

Powered by Koha